Languages with the most Global Cities - Statistics

General Stats
  • This quiz has been taken 143 times
  • The average score is 8 of 9
Answer Stats
Hint Answer % Correct
12 English
100%
4 French
100%
6 Mandarin
100%
4 Spanish
100%
4 German
94%
2 Portuguese
94%
2 Arabic
92%
3 Hindi
85%
2 Malay
50%
No matching quizzes found
Score Distribution
Percent of People with Each Score
Percentile by Number Answered
Your Score History
You have not taken this quiz